000 02357nam a22003257a 4500
005 20180125124000.0
008 130419s1572||||it ||||gr|||||001|0|lat d
040 _cSandra Yazo (modificó)
_dSandra Yazo (modificó)
_bspa
041 0 _alat
082 0 4 _a340.56
_220
092 _aE04N054
100 1 _aMantova Benavides, Marco
_d1489-1582
_935637
242 0 0 _a[Dialogismos] Glosario del Derecho o Diálogos socráticos sobre temas varios ...
_cMarco Mantova Benavides
_yspa
245 1 1 _a[Dialogismos], sive Glossarium juris sermonesque socratici, rerum sane variarum,
_cMantuae Patavini Iur. C.
250 _aNunc primum in studiosorum adolescentium gratiam editi [Se publica por primera vez, pensando en los jóvenes estudiantes]
260 _aVenetiis [Venecia] (Italia)
_bApud Christophorum Zanettum [En los talleres de Cristóbal Zanetti]
_c1572
300 _a[46], 505, [1] páginas
_c29 x 21 cm.
500 _aDetalles físicos: Encuadernación flexible en pergamino, en regular estado de conservación, pergamino manchado, arrugado y roto en tapa posterior. Conserva parcialmente las guardas. Portada impresa en una sola tinta. Con la marca tipográfica del editor. Dedicatoria. Cenefas. Mayúsculas capitales. Primer índice. Palabras al lector. Texto impreso en dos columnas con varios tipos y tamaños de letra. Sumarios. Párrafos numerados. Signaturas y reclamos. Al final colofón, registro de cuadernillos y repite la marca tipográfica del editor. Fe de erratas. Papel con gran deterioro en borde vertical que afecta el texto, presencia de hongos. Empieza a desencuadernarse. Nota de desinfección AGN 05 – Sep - 2007 y 22 - ene - 2018
500 _aPrimera palabra en caracteres griegos
505 2 _aDiálogos de Mantua ; Heterología: Cinco "lecciones" sobre temas diversos de ambos derechos -- Denarratio: Diecinueve "lecciones" sobre temas diversos de ambos derechos
506 _aConsulta en sala
546 _aTexto en latín
650 7 _aDerecho civil
_xObras anteriores a 1800
_929560
650 7 _aDerecho eclesiástico
_xObras anteriores a 1800
_929561
650 7 _aConceptos
_xDerecho
_911443
653 _aAmbos derechos
690 _aDerecho
_97494
856 8 _uhttp://reader.digitale-sammlungen.de/resolve/display/bsb11200705.html
_zDisponible en línea
942 _cLIBRO
_e1
_a8
_2LOCAL
_hE04N054
999 _c69279
_d69279